| 000 | 00868aam a2200313 4500 | ||
|---|---|---|---|
| 005 | 20260116132618.0 | ||
| 008 | 150227b2004 xxu||||| |||| 00| 0 eng d | ||
| 020 | _a9580484570 | ||
| 041 | _aESP | ||
| 082 | _a658.787 M958f | ||
| 100 |
_aMuller, Max _929172 |
||
| 245 | _aFundamentos de administración de inventarios | ||
| 260 | _aColombia | ||
| 260 | _bNorma | ||
| 260 | _c2004 | ||
| 300 | _a249 páginas | ||
| 650 | _aCONTRO DE INVENTARIO | ||
| 650 | _aINVENTARIOS | ||
| 650 | _aTIPOS DE ARTÍCULOS DE INVENTARIO | ||
| 650 | _aINVENTARIO OBSOLETO | ||
| 650 | _aSISTEMAS DE ZONIFICACIÓN | ||
| 650 | _aADMINISTRACIÓN DE MATERIALES | ||
| 650 | _aGESTIÓN DE EXISTENCIAS | ||
| 650 | _aTIPOS DE INVENTARIO | ||
| 650 | _aCONTROL DE INVENTARIOS | ||
| 650 | _aCODIFICACIÓN DE BARRAS | ||
| 650 | _aPROTECCIÓN DE INVENTARIOS | ||
| 942 |
_cBK _2ddc |
||
| 999 |
_c3442 _d3442 |
||